00687nam a2200181 a 450000100100000000500170001000800410002702000150006804000250008308200080010810000420011624500660015826000770022430000250030150400540032695201080038099900170048800003961120201002033639.0130711s1986 xxu 000 0 spa d a0809312549 aDO-SdBNPbspacBNPHU axxx1 aBeaulac, Williard Leon,d1899-96578410aFranco :bsilent ally in world war II /cWilliard L. Beaulac. aCarbondale, Estados Unidos :bSouthern Illinois University Press,c1986. aix, 233 p. ;c22 cm. aIncluye referencias bibliográficas (p. 217-219) 001050718MOaGRbGRcCTd2013-07-11iLF1l0oxxx p39611-10r2020-06-25w2020-06-25y1ZNo se presta c39101d39101